01517 2200421 4500001002100000005001500021035002000036007000300056008004100059020002200100040002200122082001200144084001200156090001400168090001600182090002200198245025000220300003000470650007000500650006400570650004800634650007400682850001200756264004500768336002100813337003000834338002300864999002200887990002200909990002000931990002000951990002000971990002200991990002001013990002001033990002201053990002001075INLIS00000000085396120200211095304 a0010-0220000131ta200206s2009 yoi g l 0 0 ind d a978-604-8421-17-1 aYOPDYOGbinderda 223a342 a342 HIM aR 342 HIM aDEP 342 HIM aCB-D.11 2009-210600aHimpunan undang-undang :bUU RI No. 11/2008 tentang informasi dan transaksi elektronik UU RI No. 14/2008 tentang keterbukaan informasi publik UU RI No. 37/2008 tentang Ombudsmen RI UU RI No. 40/2008 tentang penghapusan diskriminasi ras dan etnis aviii, 70 halaman ;c20 cm 4aInformasi dan Transaksi Elektronik--xUndang-undang dan peraturan 4aKeterbukaan Informasi Publik--xUndang-undang dan peraturan 4aOmbudsmen RI--xUndang-undang dan peraturan 4aPenghapusan Diskriminasi Ras dan Etnis--xUndang-undang dan peraturan aYOPDYOG aYogyakarta :bMedia Grafika Utama,c2009 2rdacontentateks 2rdamediaatanpa perantara 2rdacarrieravolume aCB-D.11/2009-2106 aCB-D.11/2009-2106 a65855-PD/A.2020 a65856-PD/A.2020 a65856-PD/A.2020 aCB-D.11/2009-2106 a65855-PD/A.2020 a65855-PD/A.2020 aCB-D.11/2009-2106 a65856-PD/A.2020